Gaming Quiz

Random Gaming Quiz
Score 0/19 Timer 10:00
0 Plays Today
Hint Quest % Correct
Hush breaks into Wayne Tower.A Friend In Need
74.4%
Batman must deactivate all of The Militia’s checkpoints.Own The Roads
71.8%
Scarecrow works to set off a fear toxin bomb.City Of Fear
66.7%
Batman must rescue missing firefighters.The Line Of Duty
61.5%
Azrael is trained to become the next Batman.Heir To The Cowl
61.5%
Batman must cure Man-Bat before he causes too much damage.Creature Of The Night
61.5%
Riddler forces Batman to solve his riddles to save Catwoman.Riddler’s Revenge
59%
Batman must stop Professor Pyg’s murders.The Perfect Crime
59%
Batman and Nightwing team up to locate Penguin’s weapon cachés.Gunrunner
59%
Batman must destroy the terminals on The Militia’s watchtowers.Occupy Gotham
51.3%
Hint Quest % Correct
Deacon Blackfire kidnaps Jack Ryder.Lamb To The Slaughter
48.7%
(DLC) Batman attempts to save Ra’s Al Ghul’s life.Shadow War
48.7%
Firefly starts setting fires to Gotham’s fire stations.Gotham On Fire
46.2%
Two-Face robs banks across Gotham.The Two-Faced Bandit
46.2%
(DLC) Batman must save The Mad Hatter’s hostages.Wonderland
46.2%
(DLC) Batman must help Mr. Freeze save his wife from The Militia.In From The Cold
46.2%
Batman must destroy all of The Militia’s bombs.Campaign For Disarmament
41%
(DLC) Batman must confront Killer Croc.Beneath The Surface
38.5%
Batman must destroy all of The Militia’s APCs.Armored And Dangerous
35.9%
Remove Ads.
Support Sporcle.
Get the best of Sporcle when you Go Orange. This ad-free experience offers more features, more stats, and more fun while also helping to support Sporcle. Thank you for becoming a member.

You're not logged in!

Compare scores with friends on all Sporcle quizzes.
OR
Log In

Sporcle TV

Today on Sporcle TV


Watch our educational content, quiz creation guides, and fun videos on Sporcle TV.

Show Comments

Extras

Created Jan 3, 2020ReportNominate
Tags:arkham, Batman, knight, Quest

Top Quizzes Today


Score Distribution

Paid Content

Your Account Isn't Verified!

In order to create a playlist on Sporcle, you need to verify the email address you used during registration. Go to your Sporcle Settings to finish the process.

Report this User

Report this user for behavior that violates our Community Guidelines.

Details: